000 00952nam a22002897a 4500
999 _c33434
_d33434
001 2647
003 CO-MdFUSB
005 20190202100538.0
008 171120t1996 sp ||||| |||| 00| 0 spa d
020 _a84-87940-19-6
040 _aCO-MdFUSB
_bspa
_cCO-MdFUSB
_dCO-MdFUSBC
_erda
041 0 _aspa
_heng
082 0 4 _aG 226.2 C3212c
100 1 _aCarson, Donald A.
_eautor
245 1 0 _aCuando Jesús confronta al mundo
_b: Una exposición de Mateo 8-10
_c/ Donald A, Carson ; Daniel Menezo, Traductor
264 4 _aBarcelona, España:
_b Andamio,
_c©1996
300 _a173 Pag
336 _2rdacontent
_atexto
_btxt
337 _2rdamedia
_asin mediación
_bn
338 _2rdacarrier
_avolumen
_bnc
500 _aTítulo original : When Jesus confronts the world
650 7 _aCristología
_9239
650 7 _aDios
_xEnseñanza bíblica
_2
_9323
653 _aJesucristo - Enseñanzas
653 _aSermones bíblicos N.T. - Mateo
942 _cBK